Los medios alternativos en El Salvador
Sábháilte in:
| Formáid: | Téacs |
|---|---|
| Ábhair: | |
| Clibeanna: |
Cuir clib leis
Níl clibeanna ann, Bí ar an gcéad duine le clib a chur leis an taifead seo!
|
MARC
| LEADER | 00000 a a2200000 04500 | ||
|---|---|---|---|
| 001 | 6901 | ||
| 003 | |||
| 040 | |||
| 245 | |a Los medios alternativos en El Salvador | ||
| 650 | |a MEDIOS DE COMUNICACION | ||
| 650 | |a INTERNET | ||
| 650 | |a EL SALVADOR | ||
| 773 | |g volumen 28, número 1269; páginas 9-10 | ||
| 999 | |c 30498 |d 30498 | ||
